000 01071nam a2200253Ia 4500
003 GCL
008 140319s9999 xx 000 0 ara d
040 _aGCL /
_cGCL
082 0 4 _a352.14
_bم ح
100 1 _aمحمد محمود الطعامنة
245 1 0 _aالحكم المحلى فى الوطن العربى واتجاهات التطوير /
_cمحمد محمود الطعامنة
700 1 _aسمير محمد عبدالوهاب
260 _aالقاهرة :
_bالمنظمة العربية للتنمية الادارية ،
_c2005
300 _a428 ص ؛
_c24 سم
650 0 4 _aالادارة المحلية
650 0 4 _aالادارة المحلية - مصر
650 0 4 _aالادارة المحلية - العالم العربى
650 0 4 _aالادارة المحلية - تاريخ
650 0 4 _aالادارة المحلية - الاردن
650 0 4 _aالادارة المحلية - سوريا
650 0 4 _aالادارة المحلية - لبنان
650 0 4 _aالادارة المحلية - السودان
942 _2ddc
_cBK
999 _c8311
_d8311